| 000 | 00448nam a2200181Ia 4500 | ||
|---|---|---|---|
| 005 | 20250423100242.0 | ||
| 008 | 250422s9999 xx 000 0 und d | ||
| 020 | _a9789382226000 | ||
| 050 | _aQH 604 .K34/ | ||
| 100 | _aKafmanf, B. | ||
| 245 | 0 | _aMolecular biology of cell | |
| 260 | _aNew Delhi | ||
| 260 | _bRandom Export | ||
| 260 | _c2013 | ||
| 300 | _a272 p | ||
| 650 | _a Cell Physiology. Molecular Biology. Cytology. | ||
| 942 | _cBK | ||
| 999 |
_c32740 _d32740 |
||